Statistics for జామురాతిరి జాబిలమ్మ పాట (Jāmurātiri jābilam'ma pāṭa)

Click here to take the quiz!

General Stats

  • This quiz has been taken 3 times
  • The average score is 25 of 92

Answer Stats

పాట% Correct
ఇలా/ilā
100%
ఇలా/ilā
100%
ఇలా/ilā
100%
ఇలా/ilā
100%
జాబిలమ్మ/jābilam'ma
100%
జాబిలమ్మ/jābilam'ma
100%
జాబిలమ్మ/jābilam'ma
100%
జాబిలమ్మ/jābilam'ma
100%
జామురాతిరి/Jāmurātiri
100%
జామురాతిరి/Jāmurātiri
100%
జామురాతిరి/Jāmurātiri
100%
జామురాతిరి/Jāmurātiri
100%
జోల/jōla
100%
జోల/jōla
100%
జోల/jōla
100%
జోల/jōla
100%
పాడనా/pāḍanā
100%
పాడనా/pāḍanā
100%
పాడనా/pāḍanā
100%
పాడనా/pāḍanā
100%
జాజి/jāji
50%
జాజి/jāji
50%
కలా/kalā
50%
కలా/kalā
50%
కొమ్మ/kom'ma
50%
కొమ్మ/kom'ma
50%
నిద్రపుచ్చనీ/nidrapuccanī
50%
వాలు/vālu
50%
వాలు/vālu
50%
అనే/anē
0%
భయాలన్నీ/bhayālannī
0%
బుట్టబొమ్మ/buṭṭabom'ma
0%
చీకటి/cīkaṭi
0%
చిక్కబడ్డ/cikkabaḍḍa
0%
చిటికలోన/ciṭikalōna
0%
గాలిలో/gālilō
0%
గాలిలో/gālilō
0%
గుబులుగుందని/gubulugundani
0%
జారనీయకే/jāranīyakē
0%
జారనీయకే/jāranīyakē
0%
జోరు/jōru
0%
జోరు/jōru
0%
కళ్ళలోన/kaḷḷalōna
0%
కళ్ళలోన/kaḷḷalōna
0%
కలలతో/kalalatō
0%
కాంతికి/kāntiki
0%
కరిగిపోక/karigipōka
0%
కటిక/kaṭika
0%
కిలకిల/kilakila
0%
కుహు/kuhu
0%
కుహు/Kuhu
0%
కునుకు/kunuku
0%
కుశలమా/kuśalamā
0%
లేచి/lēci
0%
లోకం/lōkaṁ
0%
మగతలో/magatalō
0%
మనసులో/Manasulō
0%
మరిచిపో/maricipō
0%
మరో/marō
0%
నడిచిపో/naḍicipō
0%
నిద్రతో/nidratō
0%
నిషా/niṣā
0%
పదాలేవో/padālēvō
0%
పలుకగా/palukagā
0%
ప్రతిపొద/pratipoda
0%
పూల/pūla
0%
రాణి/rāṇi
0%
రాక/rāka
0%
సడులతో/saḍulatō
0%
సమీపించే/samīpin̄cē
0%
సరాగాలే/sarāgālē
0%
పిలువగా/snēhaṁ
0%
స్నేహం/snēhaṁ
0%
శృతులుగా/śr̥tulugā
0%
స్వరాల/svarāla
0%
స్వరాల/svarāla
0%
తప్పదమ్మ/tappadam'ma
0%
తెరుచుకో/terucukō
0%
ఉదయ/udaya
0%
ఉషాతీరం/uṣātīraṁ
0%
వెతుకుతూ/uṣātīraṁ
0%
ఊయలూగు/ūyalūgu
0%
ఊయలూగు/ūyalūgu
0%
వద్దకొచ్చి/vaddakocci
0%
వాన/vāna
0%
వనము/vanamu
0%
వరాల/Varāla
0%
వయ్యారి/vayyāri
0%
వయ్యారి/vayyāri
0%
వేళ/vēḷa
0%
వేళ/vēḷa
0%
వెండి/veṇḍi
0%

Score Distribution

Percentile by Number Answered

Percent of People with Each Score

Your Score History

You have not taken this quiz